[Event "Steinfurt Bezirksliga 1112"]
[Site "Germany"]
[Date "2011.11.26"]
[Round "3.1"]
[White "Horstmann, Michael"]
[Black "Guennigmann, Stefan"]
[Result "0-1"]
[WhiteElo "1674"]
[BlackElo "1782"]
[PlyCount "33"]
[EventDate "2011.10.01"]
[EventType "team-tourn"]
[EventRounds "9"]
[EventCountry "GER"]
[SourceTitle "EXT 2013"]
[Source "ChessBase"]
[SourceDate "2012.11.22"]
[SourceVersion "1"]
[SourceVersionDate "2012.11.22"]
[SourceQuality "1"]
[WhiteTeam "Emsdetten Rochade III"]
[BlackTeam "Saerbeck II"]
[WhiteTeamCountry "GER"]
[BlackTeamCountry "GER"]

1. e4 d5 2. exd5 Nf6 3. d4 Bg4 4. f3 Bf5 5. Bb5+ Nbd7 6. Nc3 a6 7. Bd3 Bxd3 8. Qxd3 Nb6 9. a3 Nfxd5 10. Nxd5 Qxd5 11. Ne2 0-0-0 12. b3 g6 13. Qe4 Bg7 14. Be3 e5 15. c4 Qxe4 16. fxe4 exd4 17. Bd2 0-1

[Event "Steinfurt Bezirksliga 1011"]
[Site "Germany"]
[Date "2010.11.06"]
[Round "2.1"]
[White "Schmidt, Frank1111"]
[Black "Guennigmann, Stefan"]
[Result "1/2-1/2"]
[WhiteElo "1559"]
[BlackElo "1751"]
[PlyCount "67"]
[EventDate "2010.10.02"]
[EventType "team-tourn"]
[EventRounds "9"]
[EventCountry "GER"]
[SourceTitle "EXT 2012"]
[Source "ChessBase"]
[SourceDate "2011.11.24"]
[SourceVersion "1"]
[SourceVersionDate "2011.11.24"]
[SourceQuality "1"]
[WhiteTeam "Emsdetten Rochade III"]
[BlackTeam "Saerbeck II"]
[WhiteTeamCountry "GER"]
[BlackTeamCountry "GER"]

1. e4 c5 2. Nf3 Nc6 3. d4 cxd4 4. Nxd4 g6 5. Nc3 Bg7 6. Be3 Nf6 7. Be2 0-0 8. 0-0 d5 9. exd5 Nb4 10. Bc4 Nfxd5 11. Nxd5 Nxd5 12. Bxd5 Qxd5 13. c3 e5 14. Nb3 Qc6 15. Qe2 Be6 16. Rfd1 b6 17. f3 Rfe8 18. Qf2 f5 19. f4 exf4 20. Bxf4 Bxb3 21. axb3 Bf8 22. Be3 Qe6 23. Bd4 Qxb3 24. Re1 Qf7 25. Qf3 Bg7 26. Bxb6 Rab8 27. Rxe8+ Qxe8 28. Qd5+ Kh8 29. Bxa7 Rxb2 30. Bd4 Bxd4+ 31. Qxd4+ Kg8 32. Qd5+ Kg7 33. Qd4+ Kg8 34. Qd5+ 1/2-1/2

[Event "Steinfurt Bezirksliga 0910"]
[Site "Germany"]
[Date "2009.10.31"]
[Round "2.1"]
[White "Ulbricht Weiss, Wolfgang"]
[Black "Guennigmann, Stefan"]
[Result "1-0"]
[WhiteElo "1243"]
[BlackElo "1764"]
[PlyCount "67"]
[EventDate "2009.09.12"]
[EventType "team-tourn"]
[EventRounds "9"]
[EventCountry "GER"]
[SourceTitle "EXT 2011"]
[Source "ChessBase"]
[SourceDate "2010.11.26"]
[SourceVersion "1"]
[SourceVersionDate "2010.11.26"]
[SourceQuality "1"]
[WhiteTeam "Rheine"]
[BlackTeam "Saerbeck II"]
[WhiteTeamCountry "GER"]
[BlackTeamCountry "GER"]

1. e4 c5 2. Nf3 Nc6 3. Bc4 g6 4. d4 cxd4 5. Nxd4 Bg7 6. Nxc6 bxc6 7. 0-0 Qb6 8. c3 e6 9. Bb3 Ne7 10. Be3 Qc7 11. Bc5 d5 12. Nd2 0-0 13. f4 Re8 14. Qf3 Qa5 15. Bxe7 Rxe7 16. Rf2 Qb6 17. g4 a5 18. Rb1 a4 19. Bc2 a3 20. b4 d4 21. e5 Bb7 22. Nc4 Qa6 23. Nd6 dxc3 24. Qxc3 Rd7 25. Qc5 Bf8 26. f5 Bxd6 27. exd6 Qb5 28. fxe6 fxe6 29. Bb3 Re8 30. Re1 Qxc5 31. bxc5 Rdd8 32. Rxe6 Rxe6 33. Bxe6+ Kh8 34. d7 1-0

[Event "Steinfurt Bezirksliga 0809"]
[Site "Germany"]
[Date "2008.09.27"]
[Round "1.1"]
[White "Hartmann, Viktor"]
[Black "Guennigmann, Stefan"]
[Result "1/2-1/2"]
[WhiteElo "1741"]
[BlackElo "1780"]
[PlyCount "67"]
[EventDate "2008.09.27"]
[EventType "team-tourn"]
[EventRounds "9"]
[EventCountry "GER"]
[SourceTitle "EXT 2010"]
[Source "ChessBase"]
[SourceDate "2010.11.25"]
[SourceVersion "1"]
[SourceVersionDate "2010.11.25"]
[SourceQuality "1"]
[WhiteTeam "Ibbenbueren II"]
[BlackTeam "Saerbeck II"]
[WhiteTeamCountry "GER"]
[BlackTeamCountry "GER"]

1. d4 Nf6 2. c4 e6 3. Nc3 d5 4. c5 Be7 5. h3 0-0 6. Bf4 c6 7. e3 b6 8. b4 a5 9. a3 Ba6 10. Bxa6 Nxa6 11. Rb1 axb4 12. axb4 bxc5 13. bxc5 Nd7 14. Nf3 Bf6 15. Qd2 Qa5 16. Ne4 Qxd2+ 17. Nexd2 Ra7 18. 0-0 Re8 19. Rb3 Nc7 20. Bxc7 Rxc7 21. Rfb1 g6 22. Rb7 Rec8 23. R1b4 e5 24. Nb3 exd4 25. exd4 Kf8 26. Na5 h5 27. g4 hxg4 28. hxg4 g5 29. Kg2 Kg7 30. Rxc7 Rxc7 31. Rb7 Rxb7 32. Nxb7 Nb8 33. Nd6 Na6 34. Ne8+ 1/2-1/2

[Event "Steinfurt Bezirksliga 0708"]
[Site "Germany"]
[Date "2008.01.19"]
[Round "5.1"]
[White "Braemik, Simon"]
[Black "Guennigmann, Stefan"]
[Result "1/2-1/2"]
[WhiteElo "1532"]
[BlackElo "1773"]
[PlyCount "68"]
[EventDate "2007.09.22"]
[EventType "team-tourn"]
[EventRounds "9"]
[EventCountry "GER"]
[SourceTitle "EXT 2009"]
[Source "ChessBase"]
[SourceDate "2008.11.26"]
[SourceVersion "1"]
[SourceVersionDate "2008.11.26"]
[SourceQuality "1"]
[WhiteTeam "Rheine SG"]
[BlackTeam "Saerbeck II"]
[WhiteTeamCountry "GER"]
[BlackTeamCountry "GER"]

1. d4 d5 2. c4 Bf5 3. Nf3 Nf6 4. e3 c6 5. cxd5 Bxb1 6. Rxb1 Qxd5 7. a3 Nbd7 8. Qc2 e6 9. Bc4 Qh5 10. e4 Qg6 11. 0-0 Qxe4 12. Bd3 Qd5 13. Re1 Bd6 14. Bd2 0-0 15. Bc3 Rac8 16. Ne5 Be7 17. Re3 c5 18. Nxd7 Qxd7 19. dxc5 Rxc5 20. Rh3 g6 21. Qd2 Rd8 22. Bxf6 Bxf6 23. Qh6 Rd5 24. Qxh7+ Kf8 25. Bf1 Rd1 26. Rxd1 Qxd1 27. Rf3 Ke7 28. Qh6 Qb1 29. Qf4 Qxb2 30. Qc7+ Kf8 31. Qc5+ Kg7 32. Qxa7 Rd2 33. Qe3 Bd4 34. Qf4 f5 1/2-1/2

[Event "Muensterland Verbandsliga 0708"]
[Site "Germany"]
[Date "2007.09.08"]
[Round "1.8"]
[White "Guennigmann, Stefan"]
[Black "Van Dijk, Guido"]
[Result "0-1"]
[WhiteElo "1799"]
[BlackElo "1743"]
[PlyCount "48"]
[EventDate "2007.09.08"]
[EventType "team"]
[EventRounds "9"]
[EventCountry "GER"]
[SourceTitle "EXT 2009"]
[Source "ChessBase"]
[SourceDate "2008.11.26"]
[SourceVersion "1"]
[SourceVersionDate "2008.11.26"]
[SourceQuality "1"]
[WhiteTeam "Saerbeck"]
[BlackTeam "Rheine Klein Berlin"]
[WhiteTeamCountry "GER"]
[BlackTeamCountry "GER"]

1. d4 c5 2. d5 d6 3. c4 e5 4. e4 g6 5. Bd3 Bg7 6. Nc3 a6 7. Nge2 Ne7 8. 0-0 0-0 9. b3 f5 10. f4 h6 11. Qc2 exf4 12. exf5 g5 13. g4 h5 14. h3 hxg4 15. hxg4 Nd7 16. Be4 Ne5 17. Bf3 Nxg4 18. Bxg4 Bxf5 19. Bxf5 Nxf5 20. Bb2 Qd7 21. Nxf4 Bd4+ 22. Kh2 Qh7+ 23. Nh3 Be5+ 24. Kg1 Qxh3 0-1

[Event "Steinfurt Bezirksliga 0607"]
[Site "Germany"]
[Date "2007.02.03"]
[Round "6.1"]
[White "Guennigmann, Stefan"]
[Black "Lachmuth, Mathias"]
[Result "0-1"]
[WhiteElo "1789"]
[BlackElo "1764"]
[PlyCount "44"]
[EventDate "2006.09.09"]
[EventType "team-tourn"]
[EventRounds "9"]
[EventCountry "GER"]
[SourceTitle "EXT 2008"]
[Source "ChessBase"]
[SourceDate "2007.11.25"]
[SourceVersion "1"]
[SourceVersionDate "2007.11.25"]
[SourceQuality "1"]
[WhiteTeam "Saerbeck II"]
[BlackTeam "Emsdetten Rochade III"]
[WhiteTeamCountry "GER"]
[BlackTeamCountry "GER"]

1. d4 Nf6 2. c4 e6 3. Nf3 b6 4. Nc3 Bb7 5. Bg5 Be7 6. e3 Ne4 7. Bxe7 Qxe7 8. Nxe4 Bxe4 9. Nd2 Bb7 10. Bd3 d6 11. 0-0 Nd7 12. b4 c5 13. a3 f5 14. f3 0-0 15. Nb3 Rf6 16. Qc2 Rh6 17. f4 Qh4 18. g3 Qh3 19. Ra2 Rf8 20. e4 Nf6 21. exf5 Ng4 22. Rf2 Qxg3+ 0-1

[Event "Steinfurt Bezirksliga 0607"]
[Site "Germany"]
[Date "2006.09.30"]
[Round "2.1"]
[White "Horstmann, Michael"]
[Black "Guennigmann, Stefan"]
[Result "1/2-1/2"]
[WhiteElo "1720"]
[BlackElo "1789"]
[PlyCount "57"]
[EventDate "2006.09.09"]
[EventType "team-tourn"]
[EventRounds "9"]
[EventCountry "GER"]
[SourceTitle "EXT 2008"]
[Source "ChessBase"]
[SourceDate "2007.11.25"]
[SourceVersion "1"]
[SourceVersionDate "2007.11.25"]
[SourceQuality "1"]
[WhiteTeam "Emsdetten Rochade II"]
[BlackTeam "Saerbeck II"]
[WhiteTeamCountry "GER"]
[BlackTeamCountry "GER"]

1. e4 d5 2. exd5 Nf6 3. Nf3 Bg4 4. Be2 Qxd5 5. 0-0 Nc6 6. d4 0-0-0 7. c4 Qd7 8. d5 Bxf3 9. Bxf3 Ne5 10. Be2 e6 11. Qd4 Nc6 12. Qd1 exd5 13. cxd5 Nxd5 14. Nc3 Qe6 15. Bc4 Nce7 16. Qb3 Qc6 17. Rd1 Nxc3 18. Rxd8+ Kxd8 19. bxc3 f6 20. Ba3 Nf5 21. Bxf8 Rxf8 22. Bd5 Qb6 23. Qc2 g6 24. Rb1 Qc5 25. Bxb7 Nd6 26. Ba6 Re8 27. Rb8+ Ke7 28. Rxe8+ Kxe8 29. Be2 1/2-1/2

[Event "Muensterland Verbandsklasse-B 0405"]
[Site "Muensterland"]
[Date "2004.09.11"]
[Round "1.2"]
[White "Hoeing, Johannes"]
[Black "Guennigmann, Stefan"]
[Result "1-0"]
[WhiteElo "1993"]
[BlackElo "1764"]
[PlyCount "97"]
[EventDate "2004.09.11"]
[EventType "team"]
[EventRounds "9"]
[EventCountry "GER"]
[SourceTitle "EXT 2006"]
[Source "ChessBase"]
[SourceDate "2005.11.24"]
[SourceVersion "1"]
[SourceVersionDate "2005.11.24"]
[SourceQuality "1"]
[WhiteTeam "Suedlohn II"]
[BlackTeam "Saerbeck II"]
[WhiteTeamCountry "GER"]
[BlackTeamCountry "GER"]

1. Nf3 d5 2. g3 Nf6 3. Bg2 g6 4. b3 Bg7 5. Bb2 0-0 6. 0-0 Nc6 7. c4 d4 8. b4 Bg4 9. b5 Bxf3 10. exf3 Na5 11. d3 c5 12. Nd2 Qc7 13. f4 e6 14. Bc1 Rad8 15. Nf3 b6 16. Bd2 Nb7 17. Ne5 Rde8 18. a4 Nd7 19. Nc6 Nd8 20. a5 Nxc6 21. Bxc6 Re7 22. Bg2 e5 23. axb6 axb6 24. Ra3 Bh6 25. f5 Bxd2 26. Qxd2 Nf6 27. f3 Nh5 28. fxg6 hxg6 29. Rfa1 Kg7 30. Ra8 Rxa8 31. Rxa8 f5 32. Qg5 Nf6 33. Qh4 Re8 34. Ra1 Qb7 35. Qg5 Ra8 36. Re1 Qc7 37. h4 Re8 38. g4 Nh7 39. Qd2 Qf7 40. Qf2 fxg4 41. fxg4 Qd7 42. Qg3 Qe6 43. Bc6 Re7 44. g5 Nf8 45. Kh2 Qd6 46. Bd5 Ne6 47. Qxe5+ Qxe5+ 48. Rxe5 Kf7 49. Kg3 1-0

[Event "Steinfurt Bezirksliga 0304"]
[Site "Germany"]
[Date "2004.05.08"]
[Round "8.3"]
[White "Rengers, Rainer"]
[Black "Guennigmann, Stefan"]
[Result "1-0"]
[WhiteElo "1680"]
[BlackElo "1790"]
[PlyCount "37"]
[EventDate "2003.10.18"]
[EventType "team-tourn"]
[EventRounds "9"]
[EventCountry "GER"]
[SourceTitle "EXT 2005"]
[Source "ChessBase"]
[SourceDate "2004.11.15"]
[SourceVersion "1"]
[SourceVersionDate "2004.11.15"]
[SourceQuality "1"]
[WhiteTeam "Neuenkirchen II"]
[BlackTeam "Saerbeck Falke II"]
[WhiteTeamCountry "GER"]
[BlackTeamCountry "GER"]

1. d4 Nf6 2. c4 e6 3. Nf3 d5 4. Bg5 Be7 5. Nc3 0-0 6. e3 Nbd7 7. Qc2 dxc4 8. Bxc4 b6 9. e4 Bb7 10. 0-0-0 c5 11. Bxf6 Nxf6 12. d5 exd5 13. e5 Nh5 14. Bxd5 Qc8 15. Qe4 Rb8 16. g4 Nf6 17. exf6 Bxf6 18. Bxb7 Rxb7 19. Nd5 1-0